000 00593nam a22002177a 4500
003 AM-YeHGA
040 _aAM-YeHGA
090 _c434778
005 20250617155419.0
008 190524s2017 cc ||||| |||| 00| 0 eng d
020 _a9787508540023
041 0 _aeng
100 1 _aGong Shenghui
245 1 0 _aChina's Rise as a Supercomputing Power /
_cGong Shenghui, Zeng Fanjie.
260 _aBeijing :
_bChina Intercontinental Press,
_c[2019].
300 _a420 p.
440 0 _aInnovative China
650 1 4 _aEconomic Development
_zChina
700 1 _aZeng Fanjie
942 _2udc
_cBK
999 _c432188
_d432188